Propuesta de un Sistema contable para el control de ventas e inventarios en la Empresa Nacional Ferretera S.A ENFESA
Presenta el diseño e implementación informático para mejorar el proceso de ventas e inventarios en la Empresa Nacional Ferretera S. A, con el objetivo de controlar el stock de sus productos, mejorar el proceso de venta e inventario, logrando un posicionamiento competitivo en el ámbito regional y...
| Main Authors: | , |
|---|---|
| Other Authors: | |
| Format: | Tesis Section = Libro |
| Language: | Undetermined Spanish |
| Published: |
Managua
IES-UNI
2017
|
| Subjects: |
| LEADER | 01348nam a2200301Ia 4500 | ||
|---|---|---|---|
| 008 | 240830s9999 xx 000 0 und d | ||
| 040 | |a BIBLIOTECA-RUSB/ Mon 005.1 S218 | ||
| 041 | |a spa | ||
| 082 | |a Mon 005.1 S218 | ||
| 100 | 1 | |a Sandoval Palacios, Ervyn de Jesús | |
| 100 | 1 | |b Amador Ríos, Kevin Ademir | |
| 245 | 1 | 0 | |a Propuesta de un Sistema contable para el control de ventas e inventarios en la Empresa Nacional Ferretera S.A ENFESA |
| 260 | |a Managua |b IES-UNI |c 2017 | ||
| 300 | |a 79 p. :il. | ||
| 500 | |a Contiene: anexos y CD. | ||
| 502 | |a Tesis (Ingeniero en Computación) - IES-UNI, 2017. | ||
| 520 | 3 | |a Presenta el diseño e implementación informático para mejorar el proceso de ventas e inventarios en la Empresa Nacional Ferretera S. A, con el objetivo de controlar el stock de sus productos, mejorar el proceso de venta e inventario, logrando un posicionamiento competitivo en el ámbito regional y satisfacer las necesidades de sus clientes. | |
| 650 | 7 | |a DESARROLLO DE SOFTWARE | |
| 650 | 7 | |b SISTEMAS DE AUTOMATIZACION DE LA INFORMACION | |
| 650 | 7 | |c SISTEMAS INFORMATICO | |
| 650 | 7 | |d ARQUITECTURA DE SOFTWARE | |
| 650 | 7 | |e SISTEMAS CONTABLES | |
| 650 | 7 | |f VENTAS | |
| 650 | 7 | |g INVENTARIO | |
| 700 | 1 | |a Tutor: |b Hernández Berroterán, Rhené Gonzalo | |
| 942 | |c BK |2 ddc | ||
| 991 | |a TESIS | ||
| 999 | |c 19702 | ||